000 00645nam a2200181Ia 4500
008 151202s9999||||xx |||||||||||||| ||und||
082 _bPNVM-32883
100 _aआपटे ह.ना
245 _aमराठी वाङ्मयाचा अभ्यास.
260 _b"आर्यभूषण मुद्रणालय,पुणे."
260 _c1964
300 _a41
600 _aआपटे ह.ना
630 _aमराठी वाङ्मयाचा अभ्यास.
700 _aआपटे ह.ना
730 _aमराठी वाङ्मयाचा अभ्यास.
942 _cBOOK
999 _c1298844
_d1298841